Hot property (Record no. 70681)

MARC details
000 -LEADER
fixed length control field 01166cam a2200217 4500
001 - CONTROL NUMBER
control field ABS65661
008 - FIXED-LENGTH DATA ELEMENTS--GENERAL INFORMATION
fixed length control field 020704n2002 000 0 eng u
035 ## - SYSTEM CONTROL NUMBER
System control number (Sirsi) u118682
245 ## - TITLE STATEMENT
Title Hot property
260 ## - PUBLICATION, DISTRIBUTION, ETC.
Date of publication, distribution, etc. 2002
490 ## - SERIES STATEMENT
Series statement Accountancy
Volume/sequential designation 130(1307) July 2002, 70-71(2)
520 ## - SUMMARY, ETC.
Summary, etc. Discusses office space which has become an important issue with many organisations especially with an economic downturn threatening. Recommends business make the most of their property by leasing rather than owning it as this makes better use of finances and is more flexible. Argues firms could lease through an office provider and this can make for cheaper costs and the business taking up less space. Companies can move on more quickly, saving time and fitting-out costs. Argues that in some circumstances businesses owning their own property has its advantages such as when they are not likely to expand over the next few years.
590 ## - LOCAL NOTE (RLIN)
Local note ABS
650 ## - SUBJECT ADDED ENTRY--TOPICAL TERM
Topical term or geographic name entry element OFFICE SPACE
650 ## - SUBJECT ADDED ENTRY--TOPICAL TERM
Topical term or geographic name entry element ECONOMIC DOWNTURN
650 ## - SUBJECT ADDED ENTRY--TOPICAL TERM
Topical term or geographic name entry element PROPERTY MARKET
650 ## - SUBJECT ADDED ENTRY--TOPICAL TERM
Topical term or geographic name entry element LEASING
650 ## - SUBJECT ADDED ENTRY--TOPICAL TERM
Topical term or geographic name entry element SPACE UTILISATION
690 ## - LOCAL SUBJECT ADDED ENTRY--TOPICAL TERM (OCLC, RLIN)
Topical term or geographic name as entry element PROPERTY MANAGEMENT-COMMERCIAL PROPERTY
942 ## - ADDED ENTRY ELEMENTS (KOHA)
Suppress in OPAC 0
Holdings
Withdrawn status Lost status Source of classification or shelving scheme Damaged status Not for loan Home library Current library Shelving location Date acquired Total Checkouts Full call number Barcode Date last seen Copy number Price effective from Koha item type
    Dewey Decimal Classification     London London Journal article 04/07/2002   ABS65661 118682-1001 06/08/2019 1 06/08/2019 Journal article